| 000 | 00871cam a22002531 4500 | ||
|---|---|---|---|
| 001 | sa 68010064 | ||
| 003 | DLC | ||
| 005 | 20260227112549.0 | ||
| 008 | 860319s1966 ii ab f000 0 eng | ||
| 010 | _asa 68010064 | ||
| 025 | _aPL480:I-E-9498 | ||
| 035 | _a(OCoLC)13315012 | ||
| 040 |
_aDLC _cCLU _dCLU _dDLC |
||
| 042 | _apremarc | ||
| 050 | 0 | 0 |
_aDS485.M25 _bA54 1966 |
| 082 | _a915.4/82/044 | ||
| 110 | 1 |
_aIndia. _bDepartment of Tourism. |
|
| 245 | 1 | 0 | _aMadras and Andhra Pradesh. |
| 260 |
_a[Delhi, _bPublications Division, Ministry of Information and Broadcasting, _c1966] |
||
| 300 |
_a120 p. _billus. (part col.) fold. col. map. _c19 cm. |
||
| 500 | _a"Issued on behalf of Dept. of Tourism, Ministry of Transport & Communications, Govt. of India, New Delhi." | ||
| 651 | 0 |
_aTamil Nadu (India) _vGuidebooks. |
|
| 651 | 0 |
_aAndhra Pradesh (India) _vGuidebooks. |
|
| 999 |
_c83307 _d83307 |
||